000 00648nam a2200277Ia 4500
005 20260324150007.0
008 008 260324s9999 xx 000 0 eng d
020 _a9780203085899
037 _aEBOOK
040 _aCRL
040 _beng
040 _cCRL
041 _2eng
041 _aeng
084 _qCRL
100 _aPhilip Bean
_91179259
245 0 _aRehabilitation and Deviance (Routledge Revivals)
260 _bTaylor and Francis
260 _c1976
365 _a
365 _b240
856 _uhttp://www.taylorfrancis.com/books/9780203085899
942 _cEBOOK
999 _c1833609
_d1833609